|
|
|
|
| LEADER |
01718nam a2200421 4500 |
| 001 |
DLU200194473 |
| 005 |
##20200204 |
| 008 |
##110118s2012 caua b 001 0 eng d |
| 010 |
# |
# |
|a 2011921013
|
| 020 |
# |
# |
|a 111130095X (pbk: student ed.)
|
| 020 |
# |
# |
|a 1111634793 (pbk : international ed.)
|
| 020 |
# |
# |
|a 9781111300951 (pbk: student ed.)
|
| 020 |
# |
# |
|a 9781111634797 (pbk : international ed.)
|
| 035 |
# |
# |
|a (OCoLC)ocn746740900
|
| 040 |
# |
# |
|a Nz
|c UV0
|d YDXCP
|d DLC
|
| 042 |
# |
# |
|a lccopycat
|
| 082 |
# |
# |
|a 306.36
|b HO-R
|
| 100 |
# |
# |
|a Hodson, Randy.
|
| 245 |
# |
# |
|a The social organization of work /
|c Randy Hodson, Teresa A. Sullivan.
|
| 250 |
# |
# |
|a 5th ed.
|
| 260 |
# |
# |
|a Australia, Belmont, Calif. :
|b Wadsworth,
|c c2012.
|
| 300 |
# |
# |
|a xxv, 498 p. :
|b ill. ;
|c 24 cm.
|
| 504 |
# |
# |
|a Includes bibliographical references (p. 459-485) and index.
|
| 505 |
# |
# |
|a 1. The evolution of work -- 2. Studying the world of work -- 3. Satisfaction and alienation -- 4. Class, race, and gender -- 5. Work and family -- 6. Collective responses to work -- 7. Technology and organization -- 8. From field, mine, and factory -- 9. The high-technology revolution -- 10. Services -- 11. Professions and professionals -- 12. Managers -- 13. Administrative support and sales -- 14. Marginal jobs -- 15. The world of the large corporation -- 16. Globalization -- 17. The future of work.
|
| 650 |
# |
# |
|a Industrial sociology.
|
| 700 |
# |
# |
|a Sullivan, Teresa A.,
|d 1949-
|
| 923 |
# |
# |
|a 07/2019
|
| 991 |
# |
# |
|a SH
|
| 992 |
# |
# |
|a 5818047
|
| 993 |
# |
# |
|a 2012
|
| 994 |
# |
# |
|a DLU
|
| 900 |
# |
# |
|a True
|
| 911 |
# |
# |
|a Nguyễn Thanh Hương
|
| 925 |
# |
# |
|a G
|
| 926 |
# |
# |
|a A
|
| 927 |
# |
# |
|a SH
|
| 980 |
# |
# |
|a Thư viện Trường Đại học Đà Lạt
|